00186nam a22000857a 4500082001700000100001400017245004300031260001800074300000800092 a621.3192PAN  a Anthony  aElectrical Distributations Engineering aLondon c1983 a435